Biblioteca

El enfoque sistémico-comunicacional de la familia / Enrique Guang Tapia (Registro nro. 32559)

Detalles MARC
000 -LÍDER
Campo fijo de descripción fija 006300000a22001930004500
041 0# - CÓDIGO DE IDIOMA
Código de idioma para texto/pista de sonido o título separado
082 04 - NÚMERO DE CLASIFICACIÓN DECIMAL DEWEY
Número de clasificación G 173 G913e
001 - NÚMERO DE CONTROL
Campo de control 1236
100 1# - ASIENTO PRINCIPAL--NOMBRE PERSONAL
Nombre personal Guang Tapia, Enrique
245 10 - TÍTULO
Título del Material El enfoque sistémico-comunicacional de la familia / Enrique Guang Tapia
260 ## - PUBLICACIÓN, DISTRIBUCIÓN, ETC. (PIE DE IMPRENTA)
Lugar de publicación, distribución, etc. Quito, Ecuador : Eirene
300 ## - DESCRIPCIÓN FÍSICA
Extensión 63 Pag.
336 ## - CONTENT TYPE
Content type term texto
Content type code txt
Source rdacontent
337 ## - MEDIA TYPE
Source rdamedia
Media type term sin mediación
Media type code n
338 ## - CARRIER TYPE
Source rdacarrier
Carrier type term volumen
Carrier type code nc
505 00 - NOTA DE CONTENIDO
Nota de contenido con formato preestablecido la teoría de la comunicación humana -- la teoría de los sistemas generales -- marco teórico de la interacción familiar
650 14 - ASIENTO SECUNDARIO DE MATERIA - TERMINO TEMÁTICO
Término temático o nombre geográfico como elemento de entrada PSICOTERAPIA FAMILIAR
942 ## - TIPO DE MATERIAL (KOHA)
Tipo de Item KOHA Libros General
Existencias
Estado de Material Estado de Perdido Estado de Dañado No para Préstamo Colección Tomo Biblioteca de Origen Biblioteca Permanente Fecha de Adquisición Total de Préstamos Signatura Topográfica Código de Barras Última vez visto Ejemplar/Existencia Fecha de Remplazo Tipo de Material
        Colección General   Biblioteca FUSBC Biblioteca FUSBC 11/10/2004   G 173 G913e 13551 12/12/2019 1 26/01/2016 Libros General
        Colección General   Biblioteca FUSBC Biblioteca FUSBC 11/10/2004   G 173 G913e 675 12/12/2019 2 26/01/2016 Libros General

Biblioteca FUSBC | Teléfono: (57+4) 349 88 10 Ext. 141| WhatsApp (+57) 3005338115 
E-mail: biblioteca@unisbc.edu.co | Calle 76 87-14 Robledo Palenque, Medellín, Colombia

Con tecnología Koha